| 000 | 00706nam a22001937a 4500 | ||
|---|---|---|---|
| 999 |
_c166199 _d166199 |
||
| 005 | 20190716153455.0 | ||
| 010 | _aENG-125953 | ||
| 020 |
_a9789353436612 _c399.00 |
||
| 035 | _aEN-109485 | ||
| 037 | _bDBAD/PUB | ||
| 082 | _a621.3 | ||
| 100 | _aBhattacharya, S.K. | ||
| 245 |
_aBasic electrical engineering : _cby S.K.Bhattacharya _bas per recommended syllabus of AICTE / |
||
| 260 |
_aNoida _bPearson India Education _c2019 |
||
| 270 |
_a15th Floor, Tower-B, World Trade Tower, Plot No.I, Block-C, Sector 16 _bNoida, Uttar Pradesh _e201301 _mcompanysecretary.india@pearson.com |
||
| 300 |
_avarious paging. _c23cm(pbk) |
||
| 500 | _aIncludes index | ||
| 942 |
_2ddc _cEN _h621.3 _mBHA |
||